Library Logo

Pioneer International University Library Catalogue

THE LAST VILLAINS OF MOLO (Record no. 9411)

MARC details
000 -LEADER
fixed length control field 00351nam a22001337a 4500
005 - DATE AND TIME OF LATEST TRANSACTION
control field 20250901165812.0
008 - FIXED-LENGTH DATA ELEMENTS--GENERAL INFORMATION
fixed length control field 250324b |||||||| |||| 00| 0 eng d
020 ## - INTERNATIONAL STANDARD BOOK NUMBER
International Standard Book Number 9789966362285
050 ## - LIBRARY OF CONGRESS CALL NUMBER
Classification number PR 9408 .K66 2012
245 ## - TITLE STATEMENT
Title THE LAST VILLAINS OF MOLO
Statement of responsibility, etc. KOMBANI KINYANJUI
260 ## - PUBLICATION, DISTRIBUTION, ETC.
Place of publication, distribution, etc. NAIROBI
Name of publisher, distributor, etc. LONGHORN PUBLISHERS
Date of publication, distribution, etc. 2012
300 ## - PHYSICAL DESCRIPTION
Extent 212
942 ## - ADDED ENTRY ELEMENTS (KOHA)
Source of classification or shelving scheme Library of Congress Classification

No items available.